[Event "Titled Tuesday intern op 12th Mar Early"]
[Site "Chess.com INT"]
[Date "2024.03.12"]
[Round "4"]
[White "Chan, Kim Yew"]
[Black "Cuenca Jimenez, Jose Fernando"]
[Result "0-1"]
[WhiteElo "2271"]
[BlackElo "2499"]
[PlyCount "122"]
[EventDate "2024.03.12"]
[EventType "swiss (blitz)"]
[EventRounds "11"]
[EventCountry "USA"]
[SourceTitle "CB12_2024"]
[SourceDate "2023.10.01"]
[SourceVersion "1"]
[SourceVersionDate "2023.10.01"]
[SourceQuality "1"]

1. e4 c5 2. Nf3 Nc6 3. Bb5 e5 4. 0-0 Bd6 5. c3 a6 6. Ba4 b5 7. Bc2 Nge7 8. d4 cxd4 9. cxd4 Nxd4 10. Nxd4 exd4 11. Qxd4 Qc7 12. Bb3 Bxh2+ 13. Kh1 Be5 14. Qe3 Bb7 15. f4 Bd6 16. Bd2 Bc5 17. Qe2 d5 18. exd5 0-0 19. Nc3 Nf5 20. Qg4 Bc8 21. Ne4 Bd4 22. Qf3 Qd8 23. g3 Bb7 24. Nc3 Rc8 25. Rad1 g6 26. Ne4 Bg7 27. Bc3 Bxc3 28. Nxc3 h5 29. Kg1 Qf6 30. Qf2 Rfe8 31. Rfe1 Rcd8 32. Ne4 Qg7 33. Nc5 Rxe1+ 34. Qxe1 Bc8 35. Qf2 Qf6 36. Ne4 Qg7 37. Qc5 Qf8 38. Qxf8+ Kxf8 39. Kf2 Nd6 40. Nc5 Bf5 41. Kf3 a5 42. a3 a4 43. Ba2 Rb8 44. Nd3 b4 45. Nxb4 Kg7 46. Bb1 Bxb1 47. Rxb1 Rb5 48. Rd1 Nc4 49. Rd4 Nd6 50. Rd2 Rb8 51. Nc6 Rb3+ 52. Kf2 Ne4+ 53. Ke2 Nxd2 54. Kxd2 Kf6 55. Kc2 Rxg3 56. d6 Ke6 57. d7 Kxd7 58. Ne5+ Ke6 59. Nd3 h4 60. Nc5+ Kf5 61. Nxa4 h3 0-1

[Event "Titled Tuesday intern op 27th Feb Late"]
[Site "Chess.com INT"]
[Date "2024.02.27"]
[Round "1"]
[White "Chan, Kim Yew"]
[Black "Quesada Perez, Yasser"]
[Result "1-0"]
[WhiteElo "2271"]
[BlackElo "2584"]
[PlyCount "131"]
[EventDate "2024.02.27"]
[EventType "swiss (blitz)"]
[EventRounds "11"]
[EventCountry "USA"]
[SourceTitle "CB10_2024"]
[SourceDate "2024.03.06"]
[SourceVersion "1"]
[SourceVersionDate "2024.03.06"]
[SourceQuality "1"]

1. e4 d5 2. exd5 Nf6 3. Bb5+ Bd7 4. Bc4 Bg4 5. Nf3 Nxd5 6. h3 Bh5 7. 0-0 e6 8. d4 Be7 9. Re1 0-0 10. Be2 Nc6 11. c3 Re8 12. Nbd2 Nf4 13. Bf1 e5 14. dxe5 Nd3 15. Bxd3 Qxd3 16. Qe2 Qxe2 17. Rxe2 Bf8 18. g4 Bg6 19. Nb3 f6 20. Bf4 Bf7 21. Rae1 Bd5 22. Nbd4 Nxe5 23. Nxe5 fxe5 24. Bxe5 c6 25. b3 a5 26. Bc7 Rxe2 27. Rxe2 a4 28. Kh2 a3 29. c4 Bf7 30. Nf5 Bg6 31. Ne7+ Bxe7 32. Rxe7 Bb1 33. Re2 Kf7 34. Bd6 b6 35. Re7+ Kf6 36. Re2 c5 37. f4 h6 38. Kg3 Kf7 39. h4 Ra7 40. b4 cxb4 41. Bxb4 Ra4 42. Bd6 Rxc4 43. Re7+ Kf6 44. Re3 Bxa2 45. Rxa3 Bb1 46. Rb3 Rc6 47. Be5+ Kf7 48. Rxb1 g6 49. Rd1 Ke6 50. Rd8 b5 51. Rb8 Rc5 52. Rb6+ Kd5 53. Rxg6 b4 54. Rb6 Kc4 55. g5 hxg5 56. hxg5 b3 57. g6 Rc8 58. g7 Kc5 59. Rb7 Kc4 60. Kg4 Kd3 61. Rxb3+ Ke4 62. Rb8 Rd8 63. g8Q Rd3 64. Qc4+ Ke3 65. Rb3 Kf2 66. Rxd3 1-0

[Event "Titled Tuesday intern op 27th Feb Late"]
[Site "Chess.com INT"]
[Date "2024.02.27"]
[Round "8"]
[White "Chan, Kim Yew"]
[Black "Soto Vega, Jorge"]
[Result "0-1"]
[WhiteElo "2271"]
[BlackElo "2354"]
[PlyCount "84"]
[EventDate "2024.02.27"]
[EventType "swiss (blitz)"]
[EventRounds "11"]
[EventCountry "USA"]
[SourceTitle "CB10_2024"]
[SourceDate "2024.03.06"]
[SourceVersion "1"]
[SourceVersionDate "2024.03.06"]
[SourceQuality "1"]

1. e4 d5 2. exd5 Qxd5 3. Nc3 Qa5 4. d4 Nf6 5. Nf3 c6 6. Bc4 Bg4 7. h3 Bh5 8. 0-0 Nbd7 9. Bd2 Qb6 10. Bb3 Bxf3 11. Qxf3 Qxd4 12. Rad1 e6 13. Bf4 Qb4 14. a3 Qa5 15. Bh2 Be7 16. Ne4 Nxe4 17. Qxe4 Nf6 18. Qe2 0-0 19. Rd4 Rad8 20. Be5 Rxd4 21. Bxd4 Rd8 22. Bc3 Qf5 23. Rd1 Nd5 24. Be5 Bf6 25. Bg3 h5 26. c4 Nb6 27. Rxd8+ Bxd8 28. Bc2 Qg5 29. Qd1 g6 30. b3 Qe7 31. Be4 Qd7 32. Qe2 Bf6 33. a4 Kg7 34. a5 Nc8 35. Kh2 Nd6 36. Qd3 e5 37. f3 Qe7 38. Qe3 Nxe4 39. Qxe4 Qc7 40. Bf2 Qxa5 41. Qd3 Qc7 42. Bg3 h4 0-1

[Event "Titled Tuesday intern op 27th Feb Late"]
[Site "Chess.com INT"]
[Date "2024.02.27"]
[Round "3"]
[White "Sokolovsky, Yahli"]
[Black "Chan, Kim Yew"]
[Result "1-0"]
[WhiteElo "2471"]
[BlackElo "2271"]
[PlyCount "41"]
[EventDate "2024.02.27"]
[EventType "swiss (blitz)"]
[EventRounds "11"]
[EventCountry "USA"]
[SourceTitle "CB10_2024"]
[SourceDate "2024.03.06"]
[SourceVersion "1"]
[SourceVersionDate "2024.03.06"]
[SourceQuality "1"]

1. b3 d5 2. Nf3 c5 3. e3 a6 4. Bb2 Nc6 5. d4 Nf6 6. Nbd2 Bg4 7. Be2 e6 8. 0-0 Bd6 9. Ne5 Bxe2 10. Qxe2 0-0 11. f4 Rc8 12. c3 b5 13. a4 cxd4 14. exd4 Qb6 15. axb5 axb5 16. b4 Ra8 17. g4 Qb7 18. g5 Nd7 19. Nb3 Rxa1 20. Rxa1 Bxe5 21. fxe5 1-0

[Event "Qatar Masters op"]
[Site "Doha"]
[Date "2023.10.19"]
[Round "8"]
[White "Priyanka, Nutakki"]
[Black "Chan, Kim Yew"]
[Result "0-1"]
[WhiteElo "2315"]
[BlackElo "2292"]
[PlyCount "80"]
[EventDate "2023.10.11"]
[EventType "swiss"]
[EventRounds "9"]
[EventCountry "QAT"]
[SourceTitle "Mega2024 Update 01"]
[Source "Chessbase"]
[SourceDate "2023.11.12"]
[SourceVersion "1"]
[SourceVersionDate "2023.11.12"]
[SourceQuality "1"]

1. c4 c5 2. Nf3 Nf6 3. Nc3 d5 4. cxd5 Nxd5 5. e4 Nb4 6. Bc4 Nd3+ 7. Ke2 Nf4+ 8. Kf1 Ne6 9. b4 g6 10. bxc5 Bg7 11. Bb2 Nc6 12. Rb1 0-0 13. Na4 Bxb2 14. Rxb2 Ned4 15. Ne1 Ne5 16. Bd5 e6 17. Bb3 b5 18. Nc3 b4 19. Na4 Ba6+ 20. d3 Nxb3 21. Rxb3 Qa5 22. Nb2 Rfd8 23. h4 Qxc5 24. h5 Rac8 25. hxg6 fxg6 26. Rh3 Bb5 27. Qe2 a5 28. Nd1 Qd4 29. Nc2 Rxc2 30. Qxc2 Bxd3+ 31. Rbxd3 Nxd3 32. Qc7 Rd7 33. Qb8+ Kg7 34. Kg1 Qd6 35. Qxd6 Rxd6 36. Ne3 a4 37. Nc4 Rd4 38. Na5 b3 39. Nxb3 axb3 40. axb3 Nc5 0-1

[Event "Qatar Masters op"]
[Site "Doha"]
[Date "2023.10.17"]
[Round "6"]
[White "Dragicevic, Drazen"]
[Black "Chan, Kim Yew"]
[Result "1/2-1/2"]
[WhiteElo "2354"]
[BlackElo "2292"]
[PlyCount "122"]
[EventDate "2023.10.11"]
[EventType "swiss"]
[EventRounds "9"]
[EventCountry "QAT"]
[SourceTitle "Mega2024 Update 01"]
[Source "Chessbase"]
[SourceDate "2023.11.12"]
[SourceVersion "1"]
[SourceVersionDate "2023.11.12"]
[SourceQuality "1"]

1. e4 c5 2. Nf3 e6 3. d4 cxd4 4. Nxd4 Nc6 5. Nc3 Qc7 6. Be3 a6 7. Qf3 Nf6 8. 0-0-0 Ne5 9. Qg3 b5 10. a3 Bb7 11. Bxb5 Rc8 12. Ba4 Nxe4 13. Nxe4 Bxe4 14. Bf4 Qc4 15. Bxe5 Qxa4 16. Rd2 f6 17. Bd6 Kf7 18. Re1 Bg6 19. Ree2 Qc4 20. b3 Qc3 21. Qxc3 Rxc3 22. Bxf8 Rxf8 23. Kb2 Rfc8 24. f4 Bh5 25. Re1 h6 26. b4 g5 27. Nb3 R3c7 28. fxg5 hxg5 29. Nc5 Ke7 30. Nxa6 Rb7 31. Ka2 d6 32. Re3 Rb6 33. b5 Rxb5 34. Nb4 e5 35. Red3 Bf7+ 36. Kb2 d5 37. c3 Rcc5 38. Rh3 Bg6 39. Rh6 Kf7 40. Rh8 Be4 41. Rf2 Rc4 42. Ra8 Rb7 43. Ra6 f5 44. Rd2 Rc5 45. g3 f4 46. gxf4 gxf4 47. h4 Rbc7 48. Rd6 Rxc3 49. R6xd5 Bxd5 50. Nxd5 R3c5 51. Nxc7 Rxc7 52. h5 Kf6 53. h6 e4 54. Rh2 Rh7 55. Kc3 Kf5 56. Kd2 Ke5 57. Ke2 Kd4 58. Rh4 f3+ 59. Kd2 f2 60. Ke2 Rf7 61. Rh1 e3 1/2-1/2

[Event "Qatar Masters op"]
[Site "Doha"]
[Date "2023.10.15"]
[Round "5"]
[White "Laddha, Shubh Jayesh"]
[Black "Chan, Kim Yew"]
[Result "1-0"]
[WhiteElo "2373"]
[BlackElo "2292"]
[PlyCount "115"]
[EventDate "2023.10.11"]
[EventType "swiss"]
[EventRounds "9"]
[EventCountry "QAT"]
[SourceTitle "Mega2024 Update 01"]
[Source "Chessbase"]
[SourceDate "2023.11.12"]
[SourceVersion "1"]
[SourceVersionDate "2023.11.12"]
[SourceQuality "1"]

1. e4 c5 2. Nf3 e6 3. d4 cxd4 4. Nxd4 Nc6 5. Bf4 a6 6. Nxc6 bxc6 7. Nd2 d5 8. Qf3 Ne7 9. Bd3 Ng6 10. Bg3 Bd6 11. Bxd6 Qxd6 12. 0-0 0-0 13. Rfd1 Bb7 14. Qg3 Qxg3 15. hxg3 c5 16. exd5 exd5 17. Nb3 c4 18. Bxg6 cxb3 19. Bd3 bxc2 20. Bxc2 Rac8 21. Bd3 Rfd8 22. Rac1 a5 23. f3 Kf8 24. Re1 h5 25. Kf2 g6 26. Ke3 Ke7 27. Kd4+ Kd6 28. b3 Rh8 29. Rxc8 Rxc8 30. a3 Rh8 31. f4 Bc6 32. Bc2 h4 33. Rh1 Re8 34. gxh4 Re2 35. Bd3 Rxg2 36. h5 gxh5 37. Rxh5 Rd2 38. Rh6+ Kc7 39. Kc3 Rf2 40. Rf6 Be8 41. a4 Kd7 42. f5 Ke7 43. Ra6 Bd7 44. Rxa5 Bxf5 45. Rxd5 Bxd3 46. Rxd3 f5 47. b4 f4 48. b5 f3 49. Kb4 Rb2+ 50. Ka5 f2 51. Rf3 Kd6 52. Ka6 Kc5 53. Rf5+ Kd6 54. b6 Kc6 55. Rf6+ Kc5 56. a5 Ra2 57. b7 Rb2 58. Ka7 1-0

[Event "Paris-ch IdF"]
[Site "Paris"]
[Date "2023.07.15"]
[Round "7"]
[White "Barrish, Daniel"]
[Black "Chan, Kim Yew"]
[Result "0-1"]
[WhiteElo "2221"]
[BlackElo "2326"]
[PlyCount "94"]
[EventDate "2023.07.11"]
[EventType "swiss"]
[EventRounds "9"]
[EventCountry "FRA"]
[SourceTitle "CBM 215 Extra"]
[Source "ChessBase"]
[SourceDate "2023.09.30"]
[SourceVersion "1"]
[SourceVersionDate "2023.09.30"]
[SourceQuality "1"]

1. e4 c5 2. Nf3 e6 3. c3 Nf6 4. e5 Nd5 5. d4 cxd4 6. cxd4 d6 7. Bc4 Nc6 8. 0-0 Be7 9. Qe2 0-0 10. Rd1 Na5 11. Bd3 Nb4 12. Nc3 Nxd3 13. Rxd3 b6 14. b4 Nc6 15. a3 Bb7 16. Bf4 Rc8 17. Qd2 dxe5 18. dxe5 Qe8 19. Rd1 Rd8 20. Rxd8 Qxd8 21. Qe3 Qc8 22. Ne4 Rd8 23. Nd6 Bxd6 24. exd6 Qd7 25. Re1 Re8 26. b5 Na5 27. a4 f6 28. Qd3 e5 29. Bd2 e4 30. Qd4 Nb3 31. Qc4+ Qf7 32. Qb4 Nc5 33. Nd4 Nd3 34. Qc3 Nxe1 35. Bxe1 Qd5 36. Qb3 Qxb3 37. Nxb3 Kf7 38. Nd4 Rc8 39. Bd2 Rc4 40. Be3 g6 41. h4 Ke8 42. a5 bxa5 43. Nb3 Rb4 44. Nc5 Bc8 45. Na6 Bxa6 46. bxa6 a4 47. Bxa7 a3 0-1

[Event "Ceske Budejovice GM-B"]
[Site "Ceske Budejovice"]
[Date "2023.07.09"]
[Round "9"]
[White "Hrbek, Stepan"]
[Black "Chan, Kim Yew"]
[Result "1/2-1/2"]
[WhiteElo "2317"]
[BlackElo "2326"]
[PlyCount "107"]
[EventDate "2023.07.01"]
[EventType "tourn"]
[EventRounds "9"]
[EventCountry "CZE"]
[EventCategory "5"]
[SourceTitle "CBM 215 Extra"]
[Source "ChessBase"]
[SourceDate "2023.09.30"]
[SourceVersion "1"]
[SourceVersionDate "2023.09.30"]
[SourceQuality "1"]

1. e4 c5 2. Nf3 e6 3. d4 cxd4 4. Nxd4 Nc6 5. Nc3 Qc7 6. Be2 a6 7. 0-0 Nf6 8. Be3 Bb4 9. Na4 Be7 10. Nxc6 bxc6 11. Nb6 Rb8 12. Nxc8 Qxc8 13. Bd4 c5 14. Be5 Rb6 15. Qd3 d6 16. Bc3 0-0 17. Rad1 d5 18. exd5 Nxd5 19. Be5 Rd8 20. Qg3 f6 21. Bc3 Bd6 22. Qf3 Nxc3 23. Qxc3 Be5 24. Rxd8+ Qxd8 25. Qxc5 Rxb2 26. Bc4 Rb6 27. g3 Qc7 28. Qa5 Rc6 29. Qa4 Kf8 30. Bxa6 Rxc2 31. Bd3 Rc3 32. Bxh7 g5 33. Qa8+ Qc8 34. Qe4 Rc1 35. Rxc1 Qxc1+ 36. Kg2 Qc7 37. Qa8+ Qb8 38. Qc6 Qc7 39. Qa8+ Qb8 40. Qe4 Qc7 41. h3 Ke7 42. Qc2 Qxc2 43. Bxc2 f5 44. h4 gxh4 45. gxh4 Kf6 46. a4 Bc7 47. f3 e5 48. Kf2 Bd8 49. Ke3 e4 50. Bxe4 fxe4 51. Kxe4 Kg6 52. h5+ Kxh5 53. Kf5 Kh6 54. Ke4 1/2-1/2

[Event "Ceske Budejovice GM-B"]
[Site "Ceske Budejovice"]
[Date "2023.07.05"]
[Round "5"]
[White "Chan, Kim Yew"]
[Black "Mitrabha, Guha"]
[Result "0-1"]
[WhiteElo "2326"]
[BlackElo "2515"]
[PlyCount "114"]
[EventDate "2023.07.01"]
[EventType "tourn"]
[EventRounds "9"]
[EventCountry "CZE"]
[EventCategory "5"]
[SourceTitle "CBM 215 Extra"]
[Source "ChessBase"]
[SourceDate "2023.09.30"]
[SourceVersion "1"]
[SourceVersionDate "2023.09.30"]
[SourceQuality "1"]

1. Nf3 d5 2. d4 Nf6 3. c4 e6 4. g3 dxc4 5. Bg2 Nc6 6. Qa4 Bb4+ 7. Bd2 Nd5 8. Qb5 Bxd2+ 9. Nbxd2 c3 10. bxc3 Nxc3 11. Qd3 Nd5 12. 0-0 0-0 13. Rfc1 h6 14. Rab1 Qe7 15. e3 Nb6 16. Ne4 Rd8 17. Rxc6 bxc6 18. Ne5 Bd7 19. Nc5 Be8 20. Nb7 Rd5 21. Bxd5 cxd5 22. h4 g5 23. hxg5 hxg5 24. Nc5 f6 25. Nf3 Kg7 26. Qa6 Bh5 27. Nh2 Bg6 28. Rc1 Bf7 29. Qb7 Rh8 30. Qxa7 Ra8 31. Qb7 Rxa2 32. Na6 Nc4 33. Nxc7 Rb2 34. Qc8 Kg6 35. Ng4 Kg7 36. Na6 Bh5 37. Nh2 e5 38. dxe5 fxe5 39. Qc7 Qxc7 40. Nxc7 Bf7 41. Rd1 Nd2 42. Nf1 Nf3+ 43. Kg2 Bh5 44. g4 Bxg4 45. Rxd5 Rb1 46. Rc5 Bh5 47. Ne6+ Kf6 48. Rc6 Nh4+ 49. Kg3 Be8 50. Ra6 Rxf1 51. Nc7+ Kf7 52. Nxe8 Rg1+ 53. Kh3 Kxe8 54. Re6+ Kf7 55. Rxe5 Kg6 56. Re8 Nf3 57. Re4 Kh5 0-1

[Event "Ceske Budejovice GM-B"]
[Site "Ceske Budejovice"]
[Date "2023.07.04"]
[Round "4"]
[White "Bochnicka, Vladimir1111"]
[Black "Chan, Kim Yew"]
[Result "1-0"]
[WhiteElo "2330"]
[BlackElo "2326"]
[PlyCount "91"]
[EventDate "2023.07.01"]
[EventType "tourn"]
[EventRounds "9"]
[EventCountry "CZE"]
[EventCategory "5"]
[SourceTitle "CBM 215 Extra"]
[Source "ChessBase"]
[SourceDate "2023.09.30"]
[SourceVersion "1"]
[SourceVersionDate "2023.09.30"]
[SourceQuality "1"]

1. d4 Nf6 2. Bf4 b6 3. Nf3 Bb7 4. e3 g6 5. Nbd2 Bg7 6. h3 0-0 7. c3 d6 8. Qc2 Nbd7 9. Be2 e5 10. Bh2 Qe7 11. 0-0 Rad8 12. a4 a6 13. b4 Rfe8 14. Rfd1 Nd5 15. Qb3 e4 16. Ne1 Qg5 17. c4 Ne7 18. Rac1 Rb8 19. Qa3 a5 20. bxa5 Qxa5 21. Nb3 Qa7 22. Ra1 Nc6 23. Rab1 Na5 24. Nc2 Ra8 25. c5 dxc5 26. dxc5 Nxb3 27. cxb6 Nxb6 28. Qxb3 Ba6 29. Bb5 Bxb5 30. axb5 Red8 31. Nb4 Bf6 32. Rxd8+ Bxd8 33. Nc6 Qb7 34. Qc2 Bf6 35. Qxe4 Kf8 36. Bf4 Kg7 37. Qf3 Nd7 38. Rd1 Nf8 39. Bh6+ Kxh6 40. Qxf6 Qxb5 41. Rd4 Ra4 42. Ne7 Rxd4 43. Ng8+ Kh5 44. g4+ Rxg4+ 45. hxg4+ Kxg4 46. Qf4+ 1-0

[Event "Teplice op"]
[Site "Teplice"]
[Date "2023.06.15"]
[Round "6"]
[White "Chan, Kim Yew"]
[Black "Stocek, Jiri"]
[Result "1/2-1/2"]
[WhiteElo "2345"]
[BlackElo "2528"]
[PlyCount "98"]
[EventDate "2023.06.10"]
[EventType "swiss"]
[EventRounds "9"]
[EventCountry "CZE"]
[SourceTitle "CBM 214 Extra"]
[Source "ChessBase"]
[SourceDate "2023.07.31"]
[SourceVersion "1"]
[SourceVersionDate "2023.07.31"]
[SourceQuality "1"]

1. Nf3 Nf6 2. c4 e6 3. g3 a6 4. Bg2 b5 5. b3 c5 6. 0-0 d5 7. cxd5 exd5 8. d4 Be6 9. Bb2 Nbd7 10. Nbd2 Rc8 11. Rc1 Be7 12. dxc5 Nxc5 13. Nd4 Bd7 14. b4 Na4 15. Qb3 0-0 16. Rfd1 Qb6 17. e3 h5 18. h4 Bg4 19. Re1 Qd6 20. a3 Nb6 21. N4f3 Nc4 22. Bd4 Ne4 23. Rc2 Bf6 24. Bxf6 Qxf6 25. Nxe4 dxe4 26. Nd2 Nxd2 27. Rxd2 Rfd8 28. Rxd8+ Rxd8 29. Qc2 Rd3 30. Bxe4 Rxa3 31. Rc1 g6 32. Qc6 Be6 33. Bd5 Ra1 34. Bxe6 Rxc1+ 35. Qxc1 Qxe6 36. Qc5 Qe4 37. Qc8+ Kh7 38. Qf8 Qd5 39. Kf1 Qe6 40. Kg2 Qd5+ 41. Kf1 Qc4+ 42. Kg1 Qe6 43. Kg2 f6 44. Qc5 Kg8 45. Kg1 Kg7 46. Qa7+ Kh6 47. Qc5 Kg7 48. Qa7+ Kh6 49. Qc5 Kg7 1/2-1/2

[Event "Titled Tuesday intern op 06th Jun Early"]
[Site "Chess.com INT"]
[Date "2023.06.06"]
[Round "3"]
[White "Chan, Kim Yew"]
[Black "Bryakin, Mikhail"]
[Result "0-1"]
[WhiteElo "2345"]
[BlackElo "2451"]
[PlyCount "92"]
[EventDate "2023.06.06"]
[EventType "swiss (blitz)"]
[EventRounds "11"]
[EventCountry "USA"]
[SourceTitle "EXT 2024"]
[Source "ChessBase"]
[SourceDate "2023.10.10"]
[SourceVersion "1"]
[SourceVersionDate "2023.10.10"]
[SourceQuality "1"]

1. Nf3 Nf6 2. c4 g6 3. d4 Bg7 4. g3 0-0 5. Bg2 d6 6. Nc3 Bf5 7. Nh4 Bc8 8. Nf3 c6 9. e4 e5 10. 0-0 Nbd7 11. Re1 a5 12. b3 Qc7 13. h3 Re8 14. Be3 b6 15. Qc2 Ba6 16. Rad1 h6 17. d5 c5 18. Nd2 Nh5 19. Kh2 Rf8 20. f4 exf4 21. gxf4 Rae8 22. e5 dxe5 23. f5 Nf4 24. fxg6 fxg6 25. Be4 g5 26. Rf1 Nf6 27. Nf3 Bc8 28. Ng1 Qd7 29. d6 Nxe4 30. Qxe4 Bb7 31. Qc2 Rf6 32. Ne4 Bxe4 33. Qxe4 Rxd6 34. Qf3 Rd8 35. Rxd6 Qxd6 36. Qe4 Qd3 37. Qxd3 Rxd3 38. Re1 Kf7 39. Nf3 Ke6 40. Nd2 Kf5 41. Kg3 e4 42. Kf2 Bc3 43. Rd1 Nxh3+ 44. Ke2 Nf4+ 45. Kf2 Rxe3 46. Kxe3 Bd4# 0-1

[Event "Titled Tuesday intern op 06th Jun Early"]
[Site "Chess.com INT"]
[Date "2023.06.06"]
[Round "4"]
[White "Chan, Kim Yew"]
[Black "Jeet, Jain"]
[Result "0-1"]
[WhiteElo "2345"]
[BlackElo "2199"]
[PlyCount "88"]
[EventDate "2023.06.06"]
[EventType "swiss (blitz)"]
[EventRounds "11"]
[EventCountry "USA"]
[SourceTitle "EXT 2024"]
[Source "ChessBase"]
[SourceDate "2023.10.10"]
[SourceVersion "1"]
[SourceVersionDate "2023.10.10"]
[SourceQuality "1"]

1. Nf3 c5 2. c4 Nc6 3. d4 cxd4 4. Nxd4 Nf6 5. Nc3 e6 6. a3 Qb6 7. e3 a6 8. Be2 Be7 9. 0-0 0-0 10. b4 Rd8 11. c5 Qc7 12. Qb3 d6 13. Nxc6 Qxc6 14. cxd6 Bxd6 15. Bb2 Qc7 16. g3 b6 17. Rac1 Qe7 18. Na4 Rb8 19. Bf3 Bb7 20. Bxb7 Qxb7 21. Bxf6 gxf6 22. Rfd1 Qf3 23. Nc3 Kg7 24. Qc4 f5 25. Qxa6 Rbc8 26. Qe2 Qa8 27. Nb5 Rxc1 28. Rxc1 Be5 29. Rd1 Rc8 30. Qd2 Qf3 31. Qd3 h5 32. Nd4 Qa8 33. Qe2 Rh8 34. Nf3 Bf6 35. Rd3 h4 36. Nd2 h3 37. Qf3 Qa6 38. Rb3 Rd8 39. Nf1 Qc4 40. Rb1 Qa2 41. Rd1 Rh8 42. Rd2 Qxa3 43. Qf4 Qa8 44. Rd1 Qg2# 0-1

[Event "Titled Tuesday intern op 09th May Early"]
[Site "Chess.com INT"]
[Date "2023.05.09"]
[Round "1"]
[White "Chan, Kim Yew"]
[Black "Goltsev, Dmitry"]
[Result "0-1"]
[WhiteElo "2340"]
[BlackElo "2269"]
[PlyCount "50"]
[EventDate "2023.05.09"]
[EventType "swiss (blitz)"]
[EventRounds "11"]
[EventCountry "USA"]
[SourceTitle "CBM 214 Extra"]
[Source "ChessBase"]
[SourceDate "2023.07.31"]
[SourceVersion "1"]
[SourceVersionDate "2023.07.31"]
[SourceQuality "1"]

1. e4 e6 2. d4 d5 3. Nd2 c5 4. exd5 exd5 5. Ngf3 Nf6 6. Bb5+ Nc6 7. 0-0 Be7 8. dxc5 Bxc5 9. Re1+ Be6 10. Nb3 Bb6 11. Nbd4 0-0 12. Bxc6 bxc6 13. Nxc6 Qd6 14. Ncd4 Rfe8 15. h3 Ne4 16. Be3 Rac8 17. c3 Bd7 18. Nc2 f5 19. Bxb6 Qxb6 20. Qxd5+ Be6 21. Qd4 Qxb2 22. Ne3 Qxf2+ 23. Kh2 Rxc3 24. Nd1 Qg3+ 25. Kg1 Rxf3 0-1

[Event "Titled Tuesday intern op 09th May Early"]
[Site "Chess.com INT"]
[Date "2023.05.09"]
[Round "2"]
[White "Cramling Bellon, Anna"]
[Black "Chan, Kim Yew"]
[Result "0-1"]
[WhiteElo "2043"]
[BlackElo "2340"]
[PlyCount "128"]
[EventDate "2023.05.09"]
[EventType "swiss (blitz)"]
[EventRounds "11"]
[EventCountry "USA"]
[SourceTitle "CBM 214 Extra"]
[Source "ChessBase"]
[SourceDate "2023.07.31"]
[SourceVersion "1"]
[SourceVersionDate "2023.07.31"]
[SourceQuality "1"]

1. e3 d5 2. d3 e5 3. Ne2 Nf6 4. Nd2 c5 5. Ng3 Nc6 6. Nb3 Be7 7. Be2 0-0 8. 0-0 Be6 9. e4 d4 10. c3 Rc8 11. f4 exf4 12. Bxf4 Bd6 13. Bg5 Be7 14. Nf5 Bxf5 15. Rxf5 dxc3 16. bxc3 c4 17. e5 Nd7 18. Bxe7 Nxe7 19. Nd4 Nxf5 20. Nxf5 cxd3 21. Bxd3 Nxe5 22. Be4 b6 23. Qe2 Ng6 24. Rd1 Qc7 25. Qf3 Qxc3 26. Qg4 Rcd8 27. Rxd8 Rxd8 28. h4 Qa1+ 29. Kh2 Qe5+ 30. Kh3 Nf4+ 31. Kg3 Ng6+ 32. Kf2 Qf4+ 33. Qxf4 Nxf4 34. Ne7+ Kf8 35. Nc6 Rd7 36. g3 Ne6 37. Bf5 Rc7 38. Ne5 Rc3 39. Nd3 Ra3 40. Nc1 Rc3 41. Ne2 Rc5 42. Bb1 Ra5 43. Kf3 Nc5 44. Nc3 Ra3 45. Kf4 Rxc3 46. Bxh7 g6 47. Bxg6 fxg6 48. Kg5 Kg7 49. h5 Ne6+ 50. Kh4 gxh5 51. a4 Rc4+ 52. Kxh5 Rc5+ 53. Kh4 Rg5 54. g4 a6 55. a5 bxa5 56. Kh3 a4 57. Kh2 a3 58. Kh1 Rb5 59. Kh2 a2 60. g5 a1Q 61. g6 Qe5+ 62. Kh3 Qe3+ 63. Kh2 Rb2+ 64. Kh1 Qc1# 0-1

[Event "Southend Masters"]
[Site "Southend"]
[Date "2023.04.09"]
[Round "7"]
[White "Willow, Jonah B"]
[Black "Chan, Kim Yew"]
[Result "1-0"]
[WhiteElo "2468"]
[BlackElo "2367"]
[PlyCount "95"]
[EventDate "2023.04.06"]
[EventType "tourn"]
[EventRounds "9"]
[EventCountry "ENG"]
[EventCategory "9"]
[SourceTitle "CBM 213 Extra"]
[Source "ChessBase"]
[SourceDate "2023.05.31"]
[SourceVersion "1"]
[SourceVersionDate "2023.05.31"]
[SourceQuality "1"]

1. e4 c5 2. Nf3 e6 3. d4 cxd4 4. Nxd4 Nc6 5. Nc3 Qc7 6. Be3 a6 7. g4 Nxd4 8. Qxd4 b5 9. 0-0-0 Bb7 10. f3 Rc8 11. Qd2 Bb4 12. Bf4 Qc6 13. g5 Bxc3 14. bxc3 d5 15. c4 bxc4 16. Qc3 Ne7 17. Bg2 Qb5 18. Rhg1 Ng6 19. Bd6 dxe4 20. fxe4 Qxg5+ 21. Kb1 f6 22. Ka1 Kf7 23. Rb1 Ba8 24. Bh3 Qh4 25. Rb6 Rhe8 26. Rxa6 Qxe4 27. Re1 Qd5 28. Bg3 Rc6 29. Ra7+ Kg8 30. Ra5 Qd8 31. Qa3 Nf8 32. Ra7 Qd4+ 33. c3 Qd2 34. Rg1 g6 35. Qc1 Qxc1+ 36. Rxc1 e5 37. Rd1 Rb6 38. Bf2 Rb5 39. Bd7 Nxd7 40. Rdxd7 Bd5 41. a4 Rb7 42. Raxb7 Bxb7 43. Rxb7 f5 44. a5 f4 45. a6 e4 46. a7 e3 47. Bxe3 fxe3 48. Rb8 1-0

[Event "Southend Masters"]
[Site "Southend"]
[Date "2023.04.08"]
[Round "5"]
[White "Korneev, Oleg"]
[Black "Chan, Kim Yew"]
[Result "1/2-1/2"]
[WhiteElo "2468"]
[BlackElo "2367"]
[PlyCount "35"]
[EventDate "2023.04.06"]
[EventType "tourn"]
[EventRounds "9"]
[EventCountry "ENG"]
[EventCategory "9"]
[SourceTitle "CBM 213 Extra"]
[Source "ChessBase"]
[SourceDate "2023.05.31"]
[SourceVersion "1"]
[SourceVersionDate "2023.05.31"]
[SourceQuality "1"]

1. c4 c5 2. Nf3 Nf6 3. Nc3 d5 4. cxd5 Nxd5 5. e3 e6 6. d4 cxd4 7. exd4 Nxc3 8. bxc3 Qc7 9. Bd2 Bd6 10. Bd3 Nd7 11. 0-0 b6 12. Re1 0-0 13. Ng5 Nf6 14. Qf3 Bb7 15. Qh3 h6 16. Ne4 Bxe4 17. Bxe4 Rac8 18. g3 1/2-1/2

[Event "Southend Masters"]
[Site "Southend"]
[Date "2023.04.07"]
[Round "3"]
[White "Vardan, Nagpal"]
[Black "Chan, Kim Yew"]
[Result "1/2-1/2"]
[WhiteElo "2333"]
[BlackElo "2367"]
[PlyCount "104"]
[EventDate "2023.04.06"]
[EventType "tourn"]
[EventRounds "9"]
[EventCountry "ENG"]
[EventCategory "9"]
[SourceTitle "CBM 213 Extra"]
[Source "ChessBase"]
[SourceDate "2023.05.31"]
[SourceVersion "1"]
[SourceVersionDate "2023.05.31"]
[SourceQuality "1"]

1. c4 c5 2. Nc3 g6 3. e3 Nf6 4. d4 cxd4 5. exd4 d5 6. cxd5 Nxd5 7. Bc4 Nb6 8. Bb3 Bg7 9. Nf3 0-0 10. h3 Nc6 11. d5 Na5 12. 0-0 Nxb3 13. axb3 e6 14. Bg5 f6 15. Be3 Nxd5 16. Nxd5 Qxd5 17. Qxd5 exd5 18. Bxa7 Be6 19. Bd4 Rfc8 20. Bc3 Kf7 21. Rfd1 Bf8 22. Nd4 Bc5 23. Rab1 Ra6 24. Rd3 Bxd4 25. Rxd4 Rb6 26. b4 Rc4 27. Rxc4 dxc4 28. Rd1 Rc6 29. f3 Bf5 30. Rd4 Be6 31. Kf2 Rc7 32. Rd1 Rc6 33. Ke3 Bf5 34. Rd5 Ke7 35. g4 Be6 36. Rb5 Bc8 37. Kf2 Kd7 38. h4 Kc7 39. Rd5 Rd6 40. Rc5+ Rc6 41. Ra5 Ra6 42. Rxa6 bxa6 43. Bxf6 Kd6 44. Ke3 h5 45. Kf4 hxg4 46. fxg4 Ke6 47. Bc3 Kf7 48. h5 gxh5 49. gxh5 Kg8 50. Ke5 Bg4 51. h6 Bd7 52. Kd6 Bb5 1/2-1/2